RSC Anderlecht Squad 2023-2024 - Statistics

General Stats
  • This quiz has been taken 71 times
    66 since last reset
  • The average score is 23 of 29
Answer Stats
# Position Nation Player % Correct
14 DF Belgium Jan Vertonghen
96%
12 FW Denmark Kasper Dolberg
96%
1 GK Denmark Kasper Schmeichel
96%
36 FW Denmark Anders Dreyer
92%
54 DF Belgium Killian Sardella
92%
- Coach Denmark Brian Riemer
90%
7 FW Belgium Francis Amuzu
90%
10 MF Belgium Yari Verschaeren
90%
20 FW Argentina Luis Vázquez
88%
18 MF Ghana Majeed Ashimeru
88%
56 DF Belgium Zeno Debast
88%
15 DF Sweden Ludwig Augustinsson
85%
32 FW Ecuador Nilson Angulo
85%
11 FW Belgium Thorgan Hazard
85%
61 MF Norway Kristian Arnstad
83%
17 MF Belgium Théo Leoni
83%
5 DF Senegal Moussa N'Diaye
81%
25 MF Denmark Thomas Delaney
81%
23 MF Belgium Mats Rits
79%
8 FW France Alexis Flips
75%
21 MF Guinea Amadou Diawara
75%
1 GK France Maxime Dupé
75%
26 GK Belgium Colin Coosemans
71%
16 GK Denmark Mads Kikkenborg
71%
29 MF Belgium Mario Stroeykens
71%
9 FW Belgium Benito Raman
65%
33 DF Argentina Federico Gattoni
52%
19 MF Netherlands Justin Lonwijk
42%
22 DF Belgium Louis Patris
40%
No matching quizzes found
Score Distribution
Percent of People with Each Score
Percentile by Number Answered
Your Score History
You have not taken this quiz since the last reset